Tratado de derechos reales. Código Civil y Comercial de la Nación. Ley 26.994 / Tomo I :

Guardado en:
Autor Principal: Kiper, Claudio
Formato: Libro
Idioma:Spanish
Publicado: Santa Fe : Rubinzal Culzoni, 2016.
Edición:1a. ed. rev.
Materias:
Etiquetas: Agregar Etiqueta
Sin Etiquetas, Sea el primero en etiquetar este registro!
LEADER 00521nam a22001575a 4500
001 DER.der015293
008 250918s2016####ag#||||||||||||||#||spa||
005 20250918144841.0
245 1 0 |a Tratado de derechos reales.  |n Tomo I :  |b Código Civil y Comercial de la Nación. Ley 26.994 /  |c Claudio Kiper. 
250 |a 1a. ed. rev. 
260 |a Santa Fe :  |b Rubinzal Culzoni,  |c 2016. 
300 |a 860 p. 
020 |a 9789873006579 
100 1 |a Kiper, Claudio 
650 7 |a DERECHOS REALES 
859 |a DERECHO  |b BIB. DERECHO  |h 346  |i KIP  |p 009121  |3 Tomo I